| 000 | 00638nam a2200205 i 4500 | ||
|---|---|---|---|
| 001 | 105619 | ||
| 003 | ES-MaACL | ||
| 007 | t| | ||
| 008 | 060728s1959 sp ||||1| spa d | ||
| 080 | _a821.134.2-31"19" | ||
| 100 | 1 |
_aSalazar Chapela, Esteban, _d1900-1965 _9101821 |
|
| 245 | 1 | 0 |
_aDesnudo en Piccadilly / _cEsteban Salazar Chapela. |
| 260 |
_aBuenos Aires : _bLosada, _c[1959] |
||
| 300 |
_a338 p. ; _c21 cm. |
||
| 490 | 1 | _aNovelistas de España y América | |
| 500 | _aBiblioteca Juan Andrade. | ||
| 830 | 0 |
_aNovelistas de España y América _9185060 |
|
| 852 |
_aES-MaACL _jAND-418 _bR.109722 |
||
| 999 |
_c105619 _d105619 |
||